LEADER 00859nam a2200241 i 4500 001 000000166707 003 CaOOAMICUS 005 20071116000000.0 008 071116s1958 it u000 u ita u 013 $a144076 040 $aSeMil$bita 100 1 $aSoldati, Mario,$d<1906-1999>.$0(OLS)http://semarc/name/8284 245 13$aLe lettere da Capri :$bromanzo /$cMario Soldati. 250 $a7. Ed. 260 $a[Milano] :$bGarzanti,$c1958. 300 $a352 p. ;$c20 cm. 490 0 $aRomanzi moderni 830 0$aRomanzi moderni.$0(OLS)http://semarc/title/7204 850 $aSeMil 852 $aSeMil$W1$xVenegono$y1$m1C II 239$j246434$B117868$CSeMilBibl$Z2$F128682 $81 961 $aRecupero: Altro 996 $6245$aLe lettere da Capri :$bromanzo$9(OLS)http://semarc/title/238288 996 $6260$a[Milano] :$bGarzanti$9(OLS)http://semarc/publisher/31829 LEADER 00820nas a2200229 i 4500 001 000000251317 003 CaOOAMICUS 005 20161220000000.0 008 161025b2016 ne uu u0 0eng r 013 $a230222 040 $aSeMil$bita 245 10$a[2016 : 4]. 260 $aLeiden ; Boston :$bBrill,$ccopyr. 2016. 300 $aP. [513]-672 ;$c24 cm. 500 $aArticoli con sintesi in inglese [Abstract] in testa. 773 0 $tVetus Testamentum.$dLeiden : Brill, 1951.$x0042-4935$w()3098 774 0 $t[vedi periodico].$w()289856 850 $aSeMil 852 $aSeMil$W1$xVenegono$y1$m100 5 84$j201663$B201663$CSeMilBibl$Z2$F215409 $85 961 $aAbbonamento: Brill 996 $6245$a[2016 : 4]$9(OLS)http://semarc/title/353372 996 $6260$aLeiden ; Boston :$bBrill$9(OLS)http://semarc/publisher/39473 LEADER 00912nam a2200229 i 4500 001 000000061795 003 CaOOAMICUS 005 20121122000000.0 008 121122s1924 it u000 u ita u 013 $a32967 040 $aSeMil$bita 100 1 $aGuzzo, Augusto,$d<1894-1986>.$0(OLS)http://semarc/name/9119 245 10$aKant precritico /$cAugusto Guzzo. 260 $aTorino :$bFratelli Bocca,$c1924. 300 $a184 p. ;$c21 cm. 490 0 $aPiccola biblioteca di scienze moderne ;$v301 600 14$aKant, Immanuel <1724-1804>.$0(OLS)http://semarc/subject/7657 830 0$aPiccola biblioteca di scienze moderne ;$v301.$0(OLS)http://semarc/title/9145 850 $aSeMil 852 $aSeMil$W1$xVenegono$y1$m2L II 29$j27948$B27948$CSeMilBibl$Z2$F27951 $81 996 $6245$aKant precritico$9(OLS)http://semarc/title/97183 996 $6260$aTorino :$bFratelli Bocca$9(OLS)http://semarc/publisher/31876